[Event "6th American Continental (w)"]
[Site "Duran ECU"]
[Date "2011.06.13"]
[Round "1.2"]
[White "Castrillon Gomez, Melissa"]
[Black "Lujan, Carolina"]
[Result "1/2-1/2"]
[WhiteElo "2386"]
[BlackElo "2353"]
[EventDate "2011.06.12"]
[PlyCount "98"]

1.e4 c5 2.Nf3 e6 3.d4 cxd4 4.Nxd4 a6 5.Nc3 b5 6.Bd3 Qb6 7.Be3 Bc5 8.Qg4 
Bxd4 9.e5 Nc6 10.Qxg7 Bxe5 11.Qxe5 Nxe5 12.Bxb6 d5 13.O-O-O Ne7 14.Rhe1 f6
15.f4 Nxd3+ 16.Rxd3 Kf7 17.Bc5 Nc6 18.f5 Ne5 19.fxe6+ Bxe6 20.Rd4 Rhg8 21.
Re2 Rac8 22.Bd6 Nc4 23.Bg3 Rgd8 24.b3 Nd6 25.Bxd6 Rxc3 26.Ba3 Bf5 27.Rf4 
Be4 28.Bb2 Rc6 29.Ref2 f5 30.c3 b4 31.Kd2 bxc3+ 32.Bxc3 Rdc8 33.Bb2 Ke6 
34.Ke3 Rc2 35.g3 a5 36.Rxc2 Rxc2 37.Rf2 Rc8 38.Kd4 a4 39.bxa4 Rc4+ 40.Ke3 
Rxa4 41.a3 Ra7 42.Kf4 Kd6 43.Rd2 Ra8 44.Rd4 Rc8 45.Rb4 Rc2 46.Be5+ Kc6 47.
Rb2 Rc4 48.Rb4 Rxb4 49.axb4 Kb5 1/2-1/2

[Event "6th American Continental (w)"]
[Site "Duran ECU"]
[Date "2011.06.12"]
[Round "1.3"]
[White "Marrero Lopez, Yaniet"]
[Black "Ubaldo Suarez, Maria Gisela"]
[Result "1-0"]
[WhiteElo "2328"]
[BlackElo "2079"]
[EventDate "2011.06.12"]
[PlyCount "67"]

1.e4 c5 2.Nf3 Nc6 3.Bb5 Qc7 4.Nc3 e6 5.O-O a6 6.Bxc6 Qxc6 7.Ne5 Qc7 8.f4 
Nf6 9.Ng4 b5 10.Nxf6+ gxf6 11.f5 Qe5 12.d3 Bb7 13.Kh1 h5 14.a4 Qc7 15.axb5
Bd6 16.h3 Be5 17.bxa6 Rxa6 18.Rxa6 Bxa6 19.Ne2 Qb6 20.fxe6 fxe6 21.Nf4 
Bxf4 22.Rxf4 e5 23.Rh4 c4 24.Rxh5 Rg8 25.Rf5 Qd6 26.Qh5+ Kd8 27.Qf7 Rf8 
28.Qg7 cxd3 29.cxd3 Kc8 30.d4 Re8 31.Rxf6 Qc7 32.Bd2 Bb7 33.Rf8 Qd8 34.Qg5
1-0

[Event "6th American Continental (w)"]
[Site "Duran ECU"]
[Date "2011.06.12"]
[Round "1.4"]
[White "Heredia Serrano, Carla"]
[Black "Linares Napoles, Oleiny"]
[Result "0-1"]
[WhiteElo "2071"]
[BlackElo "2319"]
[EventDate "2011.06.12"]
[PlyCount "74"]

1.e4 d6 2.d4 Nf6 3.Nc3 g6 4.h3 Nbd7 5.Nf3 c6 6.a4 Qc7 7.Be3 Bg7 8.Be2 a5 
9.O-O O-O 10.Nd2 e5 11.d5 Nb6 12.Ra3 cxd5 13.Bxb6 Qxb6 14.exd5 Ne8 15.Nb5 
Bh6 16.Nc4 Qd8 17.Rb3 f5 18.Re1 Rf7 19.Bf1 Re7 20.Qa1 Bf8 21.Qc1 Rg7 22.
Qe3 Nf6 23.Nc3 Nd7 24.Rb5 g5 25.g4 fxg4 26.hxg4 Nf6 27.f3 h5 28.Nb6 Rb8 
29.Nxc8 Rxc8 30.Be2 Qd7 31.Ne4 Be7 32.Nxf6+ Bxf6 33.gxh5 Qh3 34.Qe4 g4 35.
fxg4 Qg3+ 36.Kf1 Bh4 37.Bf3 Qf2# 0-1

[Event "6th American Continental (w)"]
[Site "Duran ECU"]
[Date "2011.06.12"]
[Round "1.5"]
[White "Arribas Robaina, Maritza"]
[Black "Rodriguez Rueda, Paula Andrea"]
[Result "1-0"]
[WhiteElo "2300"]
[BlackElo "2069"]
[EventDate "2011.06.12"]
[PlyCount "103"]

1.e4 c5 2.Nf3 d6 3.Bb5+ Bd7 4.Bxd7+ Qxd7 5.O-O Nc6 6.c4 Nf6 7.Nc3 g6 8.a3 
Bg7 9.Rb1 O-O 10.b4 Nd4 11.Re1 Rac8 12.d3 Ng4 13.Nd5 e6 14.Nf4 f5 15.exf5 
exf5 16.h3 Ne5 17.Nxd4 cxd4 18.Bb2 Nc6 19.b5 Nd8 20.Qf3 Rc5 21.a4 Re5 22.
Bxd4 Rxe1+ 23.Rxe1 Bxd4 24.Qd5+ Nf7 25.Qxd4 Re8 26.Rxe8+ Qxe8 27.Kf1 Qe5 
28.Qxe5 dxe5 29.Ne6 Nd6 30.c5 Nc8 31.a5 b6 32.cxb6 axb6 33.a6 Na7 34.Nc7 
Kf7 35.Ke2 Ke7 36.Nd5+ Kd8 37.Nxb6 Nxb5 38.Nc4 Kc7 39.Nxe5 Kb6 40.Nd7+ 
Kxa6 41.Nf8 Kb6 42.Nxh7 Nd4+ 43.Ke3 Ne6 44.h4 Kc6 45.Ng5 Ng7 46.Nh3 Ne6 
47.Nf4 Nf8 48.Kd4 Kd6 49.g3 Kd7 50.Ke5 Ke7 51.Nd5+ Kf7 52.d4 1-0

[Event "6th American Continental (w)"]
[Site "Duran ECU"]
[Date "2011.06.12"]
[Round "1.6"]
[White "Romero Echeverria, Abigail"]
[Black "Chirivi Castiblanco, Jenny Astrid"]
[Result "1/2-1/2"]
[WhiteElo "2062"]
[BlackElo "2226"]
[EventDate "2011.06.12"]
[PlyCount "127"]

1.e4 c5 2.c3 Nf6 3.e5 Nd5 4.d4 cxd4 5.cxd4 d6 6.Bc4 Nb6 7.Bb5+ Bd7 8.e6 
fxe6 9.Bd3 g6 10.h4 Bg7 11.Be3 Nd5 12.h5 Nxe3 13.fxe3 Qa5+ 14.Nc3 Qg5 15.
Qe2 Bc6 16.Nf3 Qg3+ 17.Kd2 g5 18.Rh3 Bxf3 19.Rxg3 Bxe2 20.Kxe2 h6 21.Rf3 
d5 22.Rd1 Nc6 23.Bb5 a6 24.Bxc6+ bxc6 25.Na4 e5 26.e4 dxe4 27.Re3 exd4 28.
Rxe4 Rf8 29.Nc5 Rf4 30.Kd3 Rxe4 31.Kxe4 Rb8 32.b3 a5 33.Rc1 Bf6 34.Rc4 Rb5
35.Kd3 Kf7 36.g4 e6 37.Ne4 Rb6 38.Nd6+ Kf8 39.Nc8 Ra6 40.Ke4 Bg7 41.Kd3 
Be5 42.Ke4 Bg7 43.Nd6 Ke7 44.Nb7 Ra7 45.Nc5 Kd6 46.Nd3 Rf7 47.Rc5 Rf1 48.
Rxa5 Rg1 49.Ra7 Bf6 50.Rf7 Bd8 51.Nf2 Bb6 52.Rb7 Re1+ 53.Kd3 Re3+ 54.Kd2 
Ba5+ 55.b4 Bd8 56.a4 Ra3 57.a5 Ra2+ 58.Ke1 Ke5 59.Rd7 Bf6 60.Rf7 Bd8 61.
Rd7 Bf6 62.Rf7 Bd8 63.Rd7 Bf6 64.Rf7 1/2-1/2

[Event "6th American Continental (w)"]
[Site "Duran ECU"]
[Date "2011.06.12"]
[Round "1.7"]
[White "Salazar Cardona, Aura Cristina"]
[Black "Cordero Loup, Ely Daniela"]
[Result "1-0"]
[WhiteElo "2194"]
[BlackElo "2058"]
[EventDate "2011.06.12"]
[PlyCount "61"]

1.e4 e6 2.d4 d5 3.Nc3 Nf6 4.Bg5 Bb4 5.e5 h6 6.Bd2 Bxc3 7.Bxc3 Ne4 8.Qg4 g6
9.Bd3 Nxc3 10.bxc3 c5 11.Nf3 Qa5 12.Ke2 Nc6 13.Qf4 cxd4 14.Nxd4 Nxd4+ 15.
Qxd4 Bd7 16.a4 Rc8 17.h4 Bc6 18.Rhb1 Rg8 19.Rb4 g5 20.h5 Qc7 21.g4 a6 22.
Rab1 Rf8 23.Rb6 Kd7 24.f4 f6 25.f5 fxe5 26.fxe6+ Ke8 27.Bg6+ Kd8 28.Qc5 
Qe7 29.Qa5 Qc7 30.Rxb7 Bxb7 31.Rxb7 1-0

[Event "6th American Continental (w)"]
[Site "Duran ECU"]
[Date "2011.06.12"]
[Round "1.8"]
[White "Mendoza Velazquez, Lorena Alejandra"]
[Black "Plazaola, Maria De los Angeles"]
[Result "1/2-1/2"]
[WhiteElo "2033"]
[BlackElo "2181"]
[EventDate "2011.06.12"]
[PlyCount "93"]

1.d4 Nf6 2.Nf3 c5 3.c3 e6 4.Bf4 d5 5.e3 Nc6 6.Bd3 Qb6 7.Qc1 Be7 8.h3 Bd7 
9.Nbd2 O-O 10.O-O a5 11.Rb1 c4 12.Bc2 Qa6 13.Ne5 Nxe5 14.dxe5 Nh5 15.Bh2 
g6 16.g4 Ng7 17.f4 b5 18.Nf3 b4 19.Bg3 Rab8 20.Nd4 Bc5 21.Qd2 b3 22.axb3 
cxb3 23.Bd3 Qb6 24.Kg2 Bxd4 25.exd4 Bb5 26.Bxb5 Qxb5 27.Bh4 Rfc8 28.Bf6 a4
29.Bxg7 Kxg7 30.Ra1 Ra8 31.Ra3 Rh8 32.Rf2 h5 33.g5 Rhc8 34.Rf1 Rc4 35.Re1 
Rac8 36.Raa1 Qb6 37.Kh1 Ra8 38.Ra3 Qc7 39.Kg2 Qe7 40.Rea1 Ra7 41.Kf3 Kf8 
42.Kg2 Qd7 43.Rc1 Qc7 44.Kf2 Qa5 45.Qd1 Qb5 46.Qd2 Rac7 47.Rca1 1/2-1/2

[Event "6th American Continental (w)"]
[Site "Duran ECU"]
[Date "2011.06.12"]
[Round "1.9"]
[White "Mateus Urbano, Martha"]
[Black "Salazar Loor, Sara"]
[Result "1-0"]
[WhiteElo "2170"]
[BlackElo "2002"]
[EventDate "2011.06.12"]
[PlyCount "83"]

1.e4 c5 2.Nf3 Nc6 3.c3 Nf6 4.e5 Nd5 5.d4 cxd4 6.cxd4 d6 7.exd6 Qxd6 8.Nc3 
Bg4 9.Be2 e6 10.h3 Bh5 11.O-O Be7 12.Be3 O-O 13.Qd2 a6 14.Rac1 f5 15.Nxd5 
exd5 16.Bf4 Qd8 17.Ne5 Nxe5 18.Bxe5 Bxe2 19.Qxe2 Bf6 20.Rc5 b5 21.Rfc1 Ra7
22.f4 Raf7 23.Rc6 g5 24.Rd6 Qe7 25.Qf3 gxf4 26.Qxd5 Bxe5 27.Qxe5 Qg5 28.
Rf1 Rg7 29.Qd5+ Kh8 30.Rxa6 f3 31.Qxf3 Qd2 32.Qf2 Qd3 33.Ra3 Qc4 34.Kh1 
Rfg8 35.Rg1 b4 36.Rf3 Qxa2 37.Rxf5 Qa8 38.d5 Qe8 39.Qd4 Qg6 40.Rf2 Qa6 41.
Rf7 h6 42.Rf6 1-0

[Event "6th American Continental (w)"]
[Site "Duran ECU"]
[Date "2011.06.12"]
[Round "1.10"]
[White "Martinez, Ayelen"]
[Black "Fandino Reyes, Roquelina"]
[Result "1/2-1/2"]
[WhiteElo "1992"]
[BlackElo "2147"]
[EventDate "2011.06.12"]
[PlyCount "49"]

1.e4 e5 2.Nf3 d6 3.d4 exd4 4.Nxd4 Nf6 5.Nc3 Be7 6.Bc4 O-O 7.O-O a6 8.a4 c6
9.Ba2 a5 10.Bf4 Na6 11.Qe2 Qb6 12.Nf5 Bxf5 13.exf5 Rae8 14.Qf3 d5 15.g4 
Bb4 16.g5 Ne4 17.Nxe4 Rxe4 18.c3 Bc5 19.g6 hxg6 20.fxg6 Re6 21.Kh1 fxg6 
22.Qh3 Re4 23.Bg3 Qxb2 24.Bb1 Qe2 25.Bxe4 1/2-1/2

[Event "6th American Continental (w)"]
[Site "Duran ECU"]
[Date "2011.06.12"]
[Round "1.11"]
[White "Orozco Lopez, Luz Elena"]
[Black "Pachon, Adriana"]
[Result "1-0"]
[WhiteElo "2145"]
[BlackElo "1976"]
[EventDate "2011.06.12"]
[PlyCount "61"]

1.e4 e5 2.d4 exd4 3.Qxd4 Nc6 4.Qe3 Nf6 5.Bd2 Be7 6.Nc3 d5 7.exd5 Nxd5 8.
Qg3 Nxc3 9.Bxc3 Bf6 10.Bxf6 Qxf6 11.O-O-O O-O 12.Nf3 Be6 13.Kb1 Nb4 14.a3 
Nd5 15.Ng5 c6 16.Bd3 Bf5 17.Rhe1 Rfe8 18.Ne4 Bxe4 19.Bxe4 Nb6 20.Rd6 Re6 
21.Rxe6 fxe6 22.Qh3 h6 23.Bd3 Re8 24.Re3 Qxf2 25.Qh5 Qf7 26.Bh7+ Kf8 27.
Rf3 Re7 28.Rxf7+ Rxf7 29.Qc5+ Re7 30.Bg6 Nc8 31.Qd4 1-0

[Event "6th American Continental (w)"]
[Site "Duran ECU"]
[Date "2011.06.12"]
[Round "1.12"]
[White "Real Pereyra, Diana Carime"]
[Black "Orozco Lopez, Lina Yomayra"]
[Result "0-1"]
[WhiteElo "1976"]
[BlackElo "2145"]
[EventDate "2011.06.12"]
[PlyCount "62"]

1.e4 c5 2.Nf3 e6 3.Nc3 a6 4.d4 cxd4 5.Nxd4 Qc7 6.Qf3 Nf6 7.Bg5 Be7 8.O-O-O
Nc6 9.h4 h6 10.Bf4 e5 11.Bh2 Nxd4 12.Rxd4 d6 13.Rd2 Bd7 14.Be2 b5 15.Qd3 
b4 16.Nd5 Nxd5 17.exd5 Bf6 18.Qe4 Qa5 19.Bc4 Rc8 20.Bb3 O-O 21.g4 Bxh4 22.
Bxe5 Rfe8 23.Rxh4 Rxe5 24.Qh1 Rce8 25.Rd1 Ba4 26.Qf3 Bxb3 27.Qxb3 Qc5 28.
Rh2 Re2 29.Qd3 a5 30.Kb1 Rxf2 31.Rxf2 Qxf2 0-1

[Event "6th American Continental (w)"]
[Site "Duran ECU"]
[Date "2011.06.13"]
[Round "2.1"]
[White "Cori Tello, Deysi"]
[Black "Salazar Cardona, Aura Cristina"]
[Result "1/2-1/2"]
[WhiteElo "2386"]
[BlackElo "2194"]
[EventDate "2011.06.12"]
[PlyCount "37"]

1.d4 Nf6 2.Nf3 g6 3.c4 Bg7 4.g3 c5 5.d5 b5 6.cxb5 Qa5+ 7.Qd2 Qxb5 8.Nc3 
Qb6 9.d6 O-O 10.dxe7 Re8 11.Bg2 Bb7 12.O-O Rxe7 13.Qc2 Na6 14.Bf4 d5 15.
Rad1 Rc8 16.Nd2 c4 17.Na4 Qa5 18.Nc3 Qb6 19.Na4 1/2-1/2

[Event "6th American Continental (w)"]
[Site "Duran ECU"]
[Date "2011.06.13"]
[Round "2.2"]
[White "Mateus Urbano, Martha"]
[Black "Marrero Lopez, Yaniet"]
[Result "1-0"]
[WhiteElo "2170"]
[BlackElo "2328"]
[EventDate "2011.06.12"]
[PlyCount "74"]

1.e4 e5 2.Nf3 Nc6 3.d4 exd4 4.Nxd4 Bb4+ 5.c3 Bc5 6.Be3 Bb6 7.Nc2 Nf6 8.
Bxb6 axb6 9.Ne3 O-O 10.f3 Re8 11.Be2 Nxe4 12.fxe4 Qh4+ 13.Kd2 Qxe4 14.Qg1 
Ra5 15.Bd3 Qf4 16.Na3 Rd5 17.Rf1 Qh6 18.c4 Rd6 19.Nb5 Rde6 20.Rf3 Ne5 21.
Rg3 Ng4 22.Rxg4 Rxe3 23.Kc2 d5 24.Rd4 c6 25.cxd5 c5 26.Nc7 R8e7 27.d6 Rxc7
28.Rh4 Qg5 29.dxc7 Rxd3 30.Kxd3 Qxh4 31.Qe3 Bf5+ 32.Kd2 Qb4+ 33.Kc1 Qc4+ 
34.Kd1 Qc2+ 35.Ke1 h6 36.Rf1 Qb1+ 37.Kf2 Qxb2+ 1-0

[Event "6th American Continental (w)"]
[Site "Duran ECU"]
[Date "2011.06.13"]
[Round "2.3"]
[White "Linares Napoles, Oleiny"]
[Black "Matute Loja, Maria Belen"]
[Result "1-0"]
[WhiteElo "2319"]
[BlackElo "1946"]
[EventDate "2011.06.12"]
[PlyCount "69"]

1.c4 Nf6 2.Nf3 d6 3.g3 g6 4.Bg2 Bg7 5.Nc3 O-O 6.O-O c6 7.Rb1 d5 8.cxd5 
cxd5 9.d3 Nc6 10.Bf4 Nh5 11.Bd2 a6 12.b4 b5 13.a4 Rb8 14.axb5 axb5 15.Qb3 
Be6 16.Ng5 Nd4 17.Qd1 Nf6 18.e3 Nc6 19.Nxe6 fxe6 20.Qb3 Kh8 21.Rbc1 Qd6 
22.Ne2 Rbc8 23.Rc5 Na7 24.Nd4 Nd7 25.Rxc8 Rxc8 26.Qa3 e5 27.Qxa7 exd4 28.
exd4 Nb6 29.Bf4 Qd8 30.Bh3 Ra8 31.Qb7 Na4 32.Re1 Bf6 33.Bc7 Qf8 34.Qxd5 
Nc3 35.Qc5 1-0

[Event "6th American Continental (w)"]
[Site "Duran ECU"]
[Date "2011.06.13"]
[Round "2.4"]
[White "Orozco Lopez, Lina Yomayra"]
[Black "Arribas Robaina, Maritza"]
[Result "0-1"]
[WhiteElo "2145"]
[BlackElo "2300"]
[EventDate "2011.06.12"]
[PlyCount "52"]

1.e4 d6 2.d4 Nf6 3.Nc3 c6 4.f4 Qa5 5.e5 Ne4 6.Bd3 Nxc3 7.Qd2 d5 8.Nf3 c5 
9.bxc3 Nc6 10.O-O Bg4 11.Rb1 Bxf3 12.Rxf3 c4 13.Be2 Qxa2 14.Rxb7 Qa6 15.
Rb1 e6 16.f5 Be7 17.f6 gxf6 18.exf6 Bd6 19.Qh6 O-O-O 20.Qg7 Rdf8 21.Rf1 
Nd8 22.Qh6 Rfg8 23.Bf4 Qc6 24.Qh4 Bf8 25.Rb8+ Kd7 26.Rxd8+ Kxd8 0-1

[Event "6th American Continental (w)"]
[Site "Duran ECU"]
[Date "2011.06.13"]
[Round "2.5"]
[White "Lujan, Carolina"]
[Black "Orozco Lopez, Luz Elena"]
[Result "1-0"]
[WhiteElo "2353"]
[BlackElo "2145"]
[EventDate "2011.06.12"]
[PlyCount "97"]

1.e4 d5 2.exd5 Qxd5 3.Nc3 Qa5 4.d4 Nf6 5.Bc4 c6 6.Bd2 Bf5 7.Qe2 e6 8.d5 
cxd5 9.Nxd5 Qd8 10.Nxf6+ Qxf6 11.O-O-O Ba3 12.c3 Be7 13.g4 Bg6 14.h4 h6 
15.f4 Nc6 16.Nf3 h5 17.Ne5 hxg4 18.Bb5 a6 19.Bxc6+ bxc6 20.h5 Rxh5 21.Rxh5
Bxh5 22.Qc4 Rd8 23.Qxc6+ Kf8 24.Nd7+ Rxd7 25.Qxd7 Kg8 26.Be3 Qh4 27.Qb7 
Qg3 28.Qb8+ Kh7 29.Qe5 Qh3 30.Bd4 Bf6 31.Qe4+ Bg6 32.Qc6 Qg3 33.Qxa6 Kg8 
34.Qf1 Bxd4 35.Rxd4 Qe3+ 36.Kd1 Bh5 37.Rd8+ Kh7 38.Qd3+ Qxd3+ 39.Rxd3 Kg6 
40.c4 Kf5 41.c5 Ke4 42.Rc3 e5 43.fxe5 Kxe5 44.c6 g3+ 45.Ke1 g2 46.Kf2 
g1=Q+ 47.Kxg1 Bg4 48.c7 Bc8 49.Rd3 1-0

[Event "6th American Continental (w)"]
[Site "Duran ECU"]
[Date "2011.06.13"]
[Round "2.6"]
[White "Chirivi Castiblanco, Jenny Astrid"]
[Black "Castrillon Gomez, Melissa"]
[Result "1-0"]
[WhiteElo "2226"]
[BlackElo "2386"]
[EventDate "2011.06.12"]
[PlyCount "59"]

1.d4 Nf6 2.c4 g6 3.Nc3 Bg7 4.e4 d6 5.f3 O-O 6.Be3 c5 7.Nge2 cxd4 8.Nxd4 
Nc6 9.Qd2 Nxd4 10.Bxd4 Be6 11.Be2 Qa5 12.Rd1 Rfc8 13.b3 Nd7 14.Bxg7 Kxg7 
15.O-O a6 16.f4 f6 17.Rf3 Nc5 18.h4 b5 19.e5 dxe5 20.fxe5 bxc4 21.exf6+ 
exf6 22.Qf4 Rf8 23.Bxc4 Bxc4 24.Qxc4 Qb6 25.Nd5 Qa7 26.Kh1 Rac8 27.Qd4 Rf7
28.Rxf6 Kg8 29.Rdf1 Rcf8 30.Rxf7 1-0

[Event "6th American Continental (w)"]
[Site "Duran ECU"]
[Date "2011.06.13"]
[Round "2.7"]
[White "Plazaola, Maria De los Angeles"]
[Black "Romero Echeverria, Abigail"]
[Result "0-1"]
[WhiteElo "2181"]
[BlackElo "2062"]
[EventDate "2011.06.12"]
[PlyCount "104"]

1.e4 c5 2.Nf3 e6 3.d4 cxd4 4.Nxd4 a6 5.Nc3 Qc7 6.Bd3 b5 7.O-O Bb7 8.a4 b4 
9.Na2 Nf6 10.Qe2 Nc6 11.Nf3 Bd6 12.Re1 Ng4 13.h3 Nge5 14.Nxe5 Bxe5 15.Bd2 
O-O 16.c3 bxc3 17.Nxc3 d6 18.Rec1 Qe7 19.a5 Bd4 20.Be3 Qf6 21.Na4 Nxa5 22.
Rc7 Rac8 23.Rac1 Rxc7 24.Rxc7 Bc6 25.Qc2 Bxe3 26.fxe3 Qg5 27.b3 Qxe3+ 28.
Kh1 Bb5 29.Rc3 Qe1+ 30.Kh2 f5 31.Nb6 Bxd3 32.Rxd3 Qxe4 33.Qd2 Nb7 34.Rg3 
Rf7 35.Qc3 g6 36.Qc8+ Kg7 37.Nd7 e5 38.Rc3 Qf4+ 39.Kh1 Nc5 40.Nxc5 dxc5 
41.Rxc5 Qf1+ 42.Kh2 e4 43.Qb8 Qa1 44.Rc8 Qf6 45.Re8 Re7 46.Rg8+ Kh6 47.
Qf4+ g5 48.Qf2 Qe5+ 49.Kg1 Rd7 50.Qe2 Rd3 51.Qc2 Qd4+ 52.Kh2 Qd6+ 0-1

[Event "6th American Continental (w)"]
[Site "Duran ECU"]
[Date "2011.06.13"]
[Round "2.8"]
[White "Fandino Reyes, Roquelina"]
[Black "Mendoza Velazquez, Lorena Alejandra"]
[Result "0-1"]
[WhiteElo "2147"]
[BlackElo "2033"]
[EventDate "2011.06.12"]
[PlyCount "72"]

1.Nf3 c5 2.e4 a6 3.c3 g6 4.Be2 Bg7 5.O-O Nc6 6.d3 d6 7.a4 Nf6 8.Nbd2 Rb8 
9.Re1 O-O 10.Bf1 Nd7 11.h3 b5 12.axb5 axb5 13.Nb3 b4 14.c4 e5 15.Be3 h6 
16.Qc1 Kh7 17.Nh2 f5 18.exf5 Rxf5 19.g4 Rf8 20.Bg2 Bb7 21.g5 h5 22.Nd2 Nd4
23.f3 Ne6 24.Ne4 Bxe4 25.fxe4 Nf4 26.Bxf4 exf4 27.h4 Bd4+ 28.Kf1 Ne5 29.
Ra7+ Kg8 30.Qd2 Qc8 31.Nf3 Qg4 32.Qe2 Qg3 33.Rb1 Ng4 34.Nxd4 cxd4 35.e5 
Ne3+ 36.Kg1 f3 0-1

[Event "6th American Continental (w)"]
[Site "Duran ECU"]
[Date "2011.06.13"]
[Round "2.9"]
[White "Ubaldo Suarez, Maria Gisela"]
[Black "Martinez, Ayelen"]
[Result "1-0"]
[WhiteElo "2079"]
[BlackElo "1992"]
[EventDate "2011.06.12"]
[PlyCount "91"]

1.d4 Nf6 2.c4 g6 3.Nc3 Bg7 4.Nf3 O-O 5.g3 c6 6.Bg2 d6 7.O-O Nbd7 8.Qc2 e5 
9.Rd1 Re8 10.dxe5 dxe5 11.e4 Qc7 12.Rb1 Nc5 13.Be3 Ncxe4 14.Nxe4 Nxe4 15.
Qxe4 Bf5 16.Qh4 Bxb1 17.Rxb1 Rad8 18.Qe4 f5 19.Qc2 h6 20.c5 Qf7 21.Bf1 Kh8
22.Bc4 Qf6 23.Bd2 g5 24.Bc3 b5 25.Be2 Qf7 26.b4 e4 27.Ne1 f4 28.Rd1 f3 29.
Bf1 Rd5 30.Bxg7+ Qxg7 31.Rxd5 cxd5 32.Bxb5 Re7 33.Qd2 Qa1 34.Bf1 Kh7 35.c6
d4 36.b5 Kg8 37.Qb4 Kf7 38.Qc4+ Kf6 39.c7 e3 40.c8=Q exf2+ 41.Kh1 fxe1=Q 
42.Qf8+ Ke5 43.Qxe7+ Kf5 44.Qc8+ Kg6 45.Qce8+ Kf5 46.Qxe1 1-0

[Event "6th American Continental (w)"]
[Site "Duran ECU"]
[Date "2011.06.13"]
[Round "2.10"]
[White "Cordero Loup, Ely Daniela"]
[Black "Frometa Castillo, Zirka"]
[Result "0-1"]
[WhiteElo "2058"]
[BlackElo "2125"]
[EventDate "2011.06.12"]
[PlyCount "62"]

1.d4 d5 2.Nf3 e6 3.c4 Bd6 4.Bg5 Nf6 5.Nc3 c6 6.e4 dxe4 7.Nxe4 Bb4+ 8.Ned2 
Nbd7 9.Be2 h6 10.Bf4 g5 11.Be3 Ng4 12.Qb3 Nxe3 13.fxe3 a5 14.O-O-O Qb6 15.
Qc2 Be7 16.g4 c5 17.d5 Nf6 18.Ne4 Nxe4 19.Qxe4 Bf6 20.Ne5 Qd6 21.Nd3 Qe7 
22.Qf3 exd5 23.cxd5 c4 24.Ne1 c3 25.Rf1 cxb2+ 26.Kb1 Bc3 27.d6 Qe6 28.Nd3 
O-O 29.Nc5 Qe5 30.d7 Qxc5 31.dxc8=Q Raxc8 0-1

[Event "6th American Continental (w)"]
[Site "Duran ECU"]
[Date "2011.06.13"]
[Round "2.11"]
[White "Salazar Loor, Sara"]
[Black "Heredia Serrano, Carla"]
[Result "0-1"]
[WhiteElo "2002"]
[BlackElo "2071"]
[EventDate "2011.06.12"]
[PlyCount "64"]

1.e4 e6 2.d4 d5 3.e5 c5 4.c3 Nc6 5.Nf3 Qb6 6.Be2 Bd7 7.O-O cxd4 8.cxd4 
Nge7 9.Na3 Nf5 10.Nc2 Rc8 11.Rb1 Be7 12.g4 Nh4 13.Nxh4 Bxh4 14.Be3 Be7 15.
Bd3 Nb4 16.Nxb4 Bxb4 17.a3 Be7 18.f4 g6 19.Qf3 h5 20.g5 O-O 21.Qe2 Rc7 22.
Rf3 Rfc8 23.Rh3 Kg7 24.Rf1 a6 25.f5 exf5 26.b4 Rc3 27.Bxf5 Bxf5 28.Rxf5 
gxf5 29.Rxh5 f4 30.Bf2 f3 31.Qd2 Rc1+ 32.Be1 R8c2 0-1

[Event "6th American Continental (w)"]
[Site "Duran ECU"]
[Date "2011.06.13"]
[Round "2.12"]
[White "Rodriguez Rueda, Paula Andrea"]
[Black "Real Pereyra, Diana Carime"]
[Result "1-0"]
[WhiteElo "2069"]
[BlackElo "1976"]
[EventDate "2011.06.12"]
[PlyCount "93"]

1.d4 Nf6 2.c4 g6 3.Nc3 Bg7 4.e4 d6 5.f4 O-O 6.Nf3 c5 7.Be2 cxd4 8.Nxd4 Nc6
9.Be3 Qb6 10.Nc2 Qa5 11.O-O Be6 12.Kh1 Rac8 13.Rb1 Nb4 14.Nxb4 Qxb4 15.a3 
Qa5 16.Nd5 Nxd5 17.exd5 Bf5 18.Bd3 Bxd3 19.Qxd3 Qa4 20.b4 b6 21.f5 Qd7 22.
Bg5 h6 23.Be3 g5 24.Bd4 f6 25.Rfe1 Rc7 26.Rbc1 Rfc8 27.Re6 Qa4 28.Re2 Qa6 
29.Rec2 Qb7 30.Qe4 Kf8 31.h4 Qa6 32.Qd3 Qb7 33.Rc3 b5 34.cxb5 Rxc3 35.Rxc3
Rb8 36.Qc4 Qxb5 37.Bxa7 Qxc4 38.Rxc4 Rb5 39.a4 Rxd5 40.b5 Rd1+ 41.Kh2 Rb1 
42.b6 h5 43.a5 d5 44.Rc8+ Kf7 45.a6 g4 46.b7 Bh6 47.b8=Q 1-0

[Event "6th American Continental (w)"]
[Site "Duran ECU"]
[Date "2011.06.13"]
[Round "2.13"]
[White "Pachon, Adriana"]
[Black "Rosales Murillo, Cristina"]
[Result "1-0"]
[WhiteElo "1976"]
[BlackElo "1638"]
[EventDate "2011.06.12"]
[PlyCount "79"]

1.e4 c5 2.c3 Qa5 3.Nf3 Nc6 4.d4 cxd4 5.Nxd4 Nf6 6.f3 g6 7.Be3 Bg7 8.Nd2 d6
9.Bd3 Bd7 10.Nc4 Qd8 11.Qb3 Nxd4 12.cxd4 b5 13.Nd2 a6 14.O-O O-O 15.Rfc1 
Rb8 16.Rc2 Qb6 17.Nf1 Qb7 18.Ng3 a5 19.Rac1 Rfc8 20.Rxc8+ Bxc8 21.Qxb5 Qa7
22.Qa4 e5 23.Nf1 Bd7 24.dxe5 Qxe3+ 25.Nxe3 Bxa4 26.exf6 Bh6 27.Re1 Rxb2 
28.Nc4 Rxa2 29.Rb1 Bf8 30.Rb8 Bc6 31.Nxd6 Rd2 32.Nc8 Bc5+ 33.Kf1 h5 34.
Ne7+ Kh7 35.Nxc6 Rxd3 36.Ne5 Rd6 37.Nxf7 Rxf6 38.Ng5+ Kh6 39.e5 Rf5 40.h4 
1-0

[Event "6th American Continental (w)"]
[Site "Duran ECU"]
[Date "2011.06.14"]
[Round "3.1"]
[White "Arribas Robaina, Maritza"]
[Black "Linares Napoles, Oleiny"]
[Result "0-1"]
[WhiteElo "2300"]
[BlackElo "2319"]
[EventDate "2011.06.12"]
[PlyCount "112"]

1.e4 d6 2.d4 Nf6 3.Nc3 g6 4.h3 Bg7 5.Be3 O-O 6.Nf3 c6 7.Bd3 Nbd7 8.O-O Qc7
9.a4 b6 10.Qd2 Re8 11.Rfe1 e5 12.dxe5 dxe5 13.Bc4 Nf8 14.Rad1 Be6 15.Qe2 
Rad8 16.Bxe6 Nxe6 17.Qc4 Nh5 18.g3 Nd4 19.Nxd4 exd4 20.Bxd4 Bxd4 21.Rxd4 
Nxg3 22.Rxd8 Rxd8 23.e5 Nf5 24.e6 Nd4 25.exf7+ Qxf7 26.Qxf7+ Kxf7 27.Rc1 
Re8 28.Kf1 Re7 29.Nd1 Nf5 30.b3 Kf6 31.Nb2 Ke5 32.Rd1 Rf7 33.Nc4+ Kf4 34.
Rd8 Re7 35.Rd3 c5 36.Nd2 Nd4 37.c3 Nf5 38.b4 cxb4 39.cxb4 Rc7 40.a5 Rc2 
41.Rd7 Rb2 42.a6 b5 43.Ke2 Rxb4 44.Rxa7 Ra4 45.Rxh7 Rxa6 46.Rb7 Ra3 47.Rb6
Nd4+ 48.Kf1 Ra2 49.Nb3 Nxb3 50.Rxb5 Nd2+ 51.Kg1 Nf3+ 52.Kg2 Nh4+ 53.Kf1 
Ra3 54.Rb4+ Kf3 55.Rb1 Ng2 56.Kg1 Nf4 0-1

[Event "6th American Continental (w)"]
[Site "Duran ECU"]
[Date "2011.06.14"]
[Round "3.2"]
[White "Salazar Cardona, Aura Cristina"]
[Black "Mateus Urbano, Martha"]
[Result "1-0"]
[WhiteElo "2194"]
[BlackElo "2170"]
[EventDate "2011.06.12"]
[PlyCount "131"]

1.e4 c5 2.Nf3 d6 3.d4 cxd4 4.Nxd4 Nf6 5.Nc3 a6 6.Be2 e5 7.Nb3 Be7 8.Be3 
Be6 9.Nd5 Bxd5 10.exd5 Nbd7 11.O-O O-O 12.Qd2 Qc7 13.Rfd1 Rac8 14.Rac1 Ne4
15.Qb4 f5 16.f3 Nec5 17.Na5 Bd8 18.Nc4 b5 19.Nd2 Qa7 20.c4 a5 21.Qc3 Bb6 
22.Kh1 Na4 23.Bxb6 Nxc3 24.Bxa7 Nxe2 25.Rc2 Nf4 26.Nb3 Rc7 27.Be3 a4 28.
Na5 bxc4 29.Rxc4 Rxc4 30.Nxc4 Rc8 31.b3 axb3 32.axb3 Rb8 33.Nxd6 Rxb3 34.
Bxf4 exf4 35.Nxf5 Kf7 36.h4 Kf6 37.Nd4 Rb4 38.Nc6 Rb5 39.Rd4 g5 40.hxg5+ 
Kxg5 41.Nd8 Nf6 42.d6 Nh5 43.d7 Kf6 44.Rd6+ Ke7 45.Nc6+ Kxd6 46.d8=Q+ Kxc6
47.Qe8+ Kb6 48.Kh2 Ka5 49.Kh3 Kb4 50.Kh4 Ng3 51.Qf8+ Ka5 52.Qxf4 Nf5+ 53.
Kg4 h5+ 54.Kxh5 Ne3+ 55.Kg6 Rb6+ 56.Kf7 Nd5 57.Qd2+ Nb4 58.g4 Kb5 59.Qd7+ 
Nc6 60.Qd3+ Kc5 61.Qe3+ Nd4 62.g5 Rb7+ 63.Kf6 Rb3 64.Qe5+ Kc4 65.f4 Rf3 
66.f5 1-0

[Event "6th American Continental (w)"]
[Site "Duran ECU"]
[Date "2011.06.14"]
[Round "3.3"]
[White "Romero Echeverria, Abigail"]
[Black "Cori Tello, Deysi"]
[Result "0-1"]
[WhiteElo "2062"]
[BlackElo "2386"]
[EventDate "2011.06.12"]
[PlyCount "110"]

1.e4 e6 2.d4 d5 3.Nc3 Bb4 4.Ne2 Nf6 5.Bg5 dxe4 6.a3 Be7 7.Bxf6 Bxf6 8.Nxe4
O-O 9.Qd2 Be7 10.g3 Bd7 11.Bg2 Bc6 12.O-O Nd7 13.Rfd1 Nb6 14.Qd3 Qe8 15.c4
Rd8 16.Qc2 f5 17.Nd2 Bxg2 18.Kxg2 Qc6+ 19.Kg1 Bg5 20.b3 Bf6 21.Nf1 f4 22.
gxf4 Nd5 23.Qe4 Ne7 24.Nfg3 Qxe4 25.Nxe4 Nf5 26.Nxf6+ Rxf6 27.Rd3 Nh4 28.
Rad1 Ng6 29.Re3 c6 30.Re4 h6 31.Rd3 Nh4 32.a4 a5 33.Re5 b6 34.Kf1 Rdf8 35.
d5 exd5 36.cxd5 Rd8 37.Nc1 cxd5 38.Rexd5 Rxd5 39.Rxd5 Rxf4 40.Nd3 Rf6 41.
Ne5 Kh7 42.Nc4 Nf3 43.h3 Ng5 44.Rd6 Rf4 45.Rxb6 Nxh3 46.Kg2 Nxf2 47.Nxa5 
h5 48.Nc4 h4 49.a5 h3+ 50.Kh2 Rf3 51.Ne5 Re3 52.Kg1 Ne4 53.Ng4 Re2 54.Re6 
Rg2+ 55.Kh1 Ng3# 0-1